Solutions : advanced /

Hlavní autor: Falla, Tim, 1959-
Další autoři: Davies, Paul A., Krantz, Caroline, Kelly, Paul, Florent, Jill, De la Mare, Christina, Hobbs, Sue, Laing, Duncan, Vassilatou, Anastasia, Speck, Chris
Jazyk: Angličtina
Vydáno: Oxford : Oxford University Press, 2013
Vydání: 2nd edition, first published
Edice: Oxford exam support
Témata:
Fyzický popis: 5 svazků : ilustrace (převážně barevné) ; 30 cm
Knihy
Uloženo v:
LEADER 04086nam a2200793 ia4500
001 001534094
003 CZ BrMZK
005 20160902074148.0
007 ta
008 160711s2013 xxka g p 000 0 eng
020 |a 978-0-19-455290-5  |q (student's book ;  |q brožováno) 
020 |a 978-0-19-455369-8  |q (workbook ;  |q brožováno) 
020 |a 978-0-19-455286-8  |q (workbook ;  |q audio CD) 
020 |a 978-0-19-455374-2  |q (teacher's book ;  |q brožováno) 
020 |a 978-0-19-455348-3  |q (teacher's book ;  |q CD-ROM) 
020 |a 978-0-19-455277-6  |q (DVD) 
020 |a 978-0-19-455427-5  |q (CDs) 
040 |a BOA001  |b cze  |e rda 
072 7 |a 811.111  |x Angličtina  |2 Konspekt  |9 11 
072 7 |a 37.016  |x Učební osnovy. Vyučovací předměty. Učebnice  |2 Konspekt  |9 22 
080 |a 811.111  |2 MRF 
080 |a (07.063)81  |2 MRF 
080 |a (07.064)81  |2 MRF 
080 |a (076.1)  |2 MRF 
080 |a (072)  |2 MRF 
100 1 |a Falla, Tim,  |d 1959-  |7 xx0003592  |4 aut 
245 1 0 |a Solutions :  |b advanced /  |c Tim Falla, Paul A. Davies 
250 |a 2nd edition, first published 
264 1 |a Oxford :  |b Oxford University Press,  |c 2013 
300 |a 5 svazků :  |b ilustrace (převážně barevné) ;  |c 30 cm 
336 |a text  |b txt  |2 rdacontent 
336 |a mluvené slovo  |b spw  |2 rdacontent 
336 |a dvojrozměrný pohyblivý obraz  |b tdi  |2 rdacontent 
337 |a bez média  |b n  |2 rdamedia 
337 |a audio  |b s  |2 rdamedia 
337 |a počítač  |b c  |2 rdamedia 
338 |a svazek  |b nc  |2 rdacarrier 
338 |a audiodisk  |b sd  |2 rdacarrier 
338 |a počítačový disk  |b cd  |2 rdacarrier 
490 1 |a Oxford exam support 
500 |a Na obálce označení: CEFR C1, B2 
500 |a Na obálce work book uvedena spoluautorka Jill Florent 
505 0 |a student's book. 152 stran -- workbook / Caroline Krantz, Paul Kelly, Tim Falla, Paul A. Davies. 127 stran + 1 CD -- teacher's book / Caroline Krantz, Paul Kelly, Paul A. Davies, Christina de la Mare, Jill Florent, Sue Hobbs, Duncan Laing, Anastasia Vassilatou, Chris Speck. 152 stran + 1 CD-ROM -- pre-intermediate DVD. 1 DVD-ROM -- class CDs. 3 CD 
650 0 7 |a angličtina  |7 ph114056  |2 czenas 
653 0 |a jazyková úroveň B2  |a jazyková úroveň C1 
655 7 |a jazykové učebnice, texty, příručky (B)  |7 fd600891  |2 czenas 
655 7 |a jazykové učebnice, texty, příručky (C)  |7 fd600892  |2 czenas 
655 7 |a pracovní sešity  |7 fd133116  |2 czenas 
655 7 |a metodické příručky  |7 fd132826  |2 czenas 
700 1 |a Davies, Paul A.  |7 pna2008424922  |4 aut 
700 1 |a Krantz, Caroline  |7 xx0073061  |4 aut 
700 1 |a Kelly, Paul  |7 pna2006352726  |4 aut 
700 1 |a Florent, Jill  |7 xx0079996  |4 aut 
700 1 |a De la Mare, Christina  |7 pna2011654848  |4 aut 
700 1 |a Hobbs, Sue  |7 pna2012734174  |4 aut 
700 1 |a Laing, Duncan  |4 aut 
700 1 |a Vassilatou, Anastasia  |4 aut 
700 1 |a Speck, Chris  |7 pna2013766192  |4 aut 
830 0 |a Oxford exam support 
910 |a BOA001  |b 4-1369.596  |b CDR-1308.969,5  |b CDR2-1309.401,4 
990 |a BK 
991 |x 99 
996 7 |b 2610675910  |c 4-1369.596  |d 1,student's book  |v 1  |l Anglická knihovna/2.patro  |r ZHR  |n 9  |p kupz  |h CY 28  |w 001569215  |u 000010  |a 0  |e BOA001  |j MZK50  |s A 
996 7 |b 2610675911  |c 4-1369.596  |d 2,workbook  |v 2  |l Anglická knihovna/2.patro  |r ZHR  |n 6  |p kupz  |h CY 28  |w 001569215  |u 000020  |a 0  |e BOA001  |j MZK50  |s A 
996 7 |b 2610675913  |c 4-1369.596  |d 3,teacher's book  |v 3  |l Anglická knihovna/2.patro  |r ZHR  |n 5  |p kupz  |h CY 28  |w 001569215  |u 000040  |a 0  |e BOA001  |j MZK50  |s A 
996 7 |b 2610675915  |c CDR2-1309.401,4  |d 4, DVD  |v 4  |l Anglická knihovna/2.patro  |r ZHR  |n 2  |p kupz  |h DVD 213  |w 001569215  |u 000060  |a 0  |e BOA001  |j MZK50  |s A 
996 7 |b 2610675916  |c CDR-1308.969  |d 5, CD 1-3  |v 5  |l Anglická knihovna/2.patro  |r ZHR  |n 2  |p kupz  |h CD-B 125  |w 001569215  |u 000070  |a 0  |e BOA001  |j MZK50  |s A 
996 7 |b DKAA000209  |c CDR-1369.596  |d 2,workbook CD  |v 2  |l Anglická knihovna/2.patro  |r ZHR  |n 1  |p kupz  |h CD-B 126  |w 001569215  |u 000030  |a 0  |e BOA001  |j MZK50  |s A 
996 7 |b DKAA000210  |c CDR-1369.596  |d 3,teacher's book CD-ROM  |v 3  |l Anglická knihovna/2.patro  |r ZHR  |n 1  |p kupz  |h CD-R 402  |w 001569215  |u 000050  |a 0  |e BOA001  |j MZK50  |s A